|
|
|
|
| LEADER |
00654nam a2200193Ia 4500 |
| 001 |
CTU_109756 |
| 008 |
210402s9999 xx 000 0 und d |
| 082 |
|
|
|a 004
|
| 082 |
|
|
|b W721
|
| 100 |
|
|
|a Williams, Brian K.
|
| 245 |
|
0 |
|a Using information technology :
|
| 245 |
|
2 |
|b A practical introduction to computers & communications : Complete version
|
| 245 |
|
0 |
|c Brian K. Williams, Stacey C. Sawyer
|
| 260 |
|
|
|a Boston, MA.,
|
| 260 |
|
|
|b McGraw-Hill/Irwin
|
| 260 |
|
|
|c 2003
|
| 650 |
|
|
|a Telecommunication systems,Information technology,Computers
|
| 904 |
|
|
|i Giang, Q. Hiếu (sửa)
|
| 980 |
|
|
|a Trung tâm Học liệu Trường Đại học Cần Thơ
|